[Event "Dublin Gonzaga Masters"]
[Site "Dublin"]
[Date "2020.01.26"]
[Round "5"]
[White "Margolin, Boris"]
[Black "Daly, Colm"]
[Result "1/2-1/2"]
[WhiteElo "2396"]
[BlackElo "2238"]
[PlyCount "102"]
[EventDate "2020.01.24"]
[EventType "swiss"]
[EventRounds "5"]
[EventCountry "IRL"]
[SourceTitle "CBM 194"]
[Source "ChessBase"]
[SourceDate "2020.01.27"]
[SourceVersion "1"]
[SourceVersionDate "2020.01.27"]
[SourceQuality "1"]

1. e4 c5 2. Nf3 e6 3. c3 d5 4. e5 Ne7 5. d4 Nec6 6. a3 a5 7. Be3 Nd7 8. Nbd2 Be7 9. Bd3 cxd4 10. cxd4 Nb6 11. 0-0 Bd7 12. Qe2 a4 13. Rac1 Na5 14. Rc2 Rc8 15. Rxc8 Bxc8 16. Ne1 h5 17. g3 Bd7 18. h4 Bc6 19. Ndf3 Nbc4 20. Ng2 Qb6 21. Rb1 Bb5 22. Bg5 Bf8 23. Bd2 Nb3 24. Bxc4 Bxc4 25. Qe3 Be7 26. Bc3 g6 27. Rd1 Qb5 28. Nf4 Kd7 29. Kg2 b6 30. Nd2 Nxd2 31. Qxd2 Bf8 32. Nh3 Bh6 33. Ng5 Kc8 34. Qf4 Bxg5 35. hxg5 Qd7 36. Qf6 Re8 37. Rh1 Kb7 38. g4 Ka6 39. gxh5 gxh5 40. Rxh5 Bd3 41. Rh6 Rg8 42. Qf4 Be4+ 43. f3 Bf5 44. Qe3 Qb5 45. Kf2 Qc4 46. Rh1 Rc8 47. Qe2 Bd3 48. Qd2 Bg6 49. Qe2 Bd3 50. Qe3 Bg6 51. Qe2 Bd3 1/2-1/2

[Event "Dublin Irish New Year IM2"]
[Site "Dublin"]
[Date "2020.01.06"]
[Round "9"]
[White "Froewis, Georg"]
[Black "Daly, Colm"]
[Result "1-0"]
[WhiteElo "2470"]
[BlackElo "2238"]
[PlyCount "57"]
[EventDate "2020.01.02"]
[EventType "tourn"]
[EventRounds "9"]
[EventCountry "IRL"]
[SourceTitle "CBM 194 Extra"]
[Source "ChessBase"]
[SourceDate "2020.03.31"]
[SourceVersion "1"]
[SourceVersionDate "2020.03.31"]
[SourceQuality "1"]

1. Nf3 d6 2. d4 Nf6 3. g3 g6 4. b3 Bg7 5. Bb2 0-0 6. Bg2 c6 7. 0-0 a5 8. c4 a4 9. Nc3 axb3 10. axb3 Rxa1 11. Qxa1 Na6 12. Nd2 Nd7 13. e3 Re8 14. Rd1 Qc7 15. d5 Bf8 16. h4 Ne5 17. Nf3 Bg4 18. Nxe5 Bxd1 19. Nxf7 Bxb3 20. Bh3 Nc5 21. Ne4 e5 22. Nxc5 Bxc4 23. Be6 Rxe6 24. dxe6 dxc5 25. Bxe5 Qc8 26. Bf4 Bxe6 27. Nh6+ Bxh6 28. Bxh6 Qd7 29. Qf6 1-0